000 00224nam a22000857a 4500
008 170616b xxu||||| |||| 00| 0 eng d
100 _93463
_aManivasakam. N
245 _aEnvironmental Pollution
260 _aNew Delhi
_bN. B. T
_c2008
999 _c6837
_d6837